Pomoc podnikov pri starostlivosti o starých, chorých a zdravotne postihnutých členov rodín

Praktické využívanie existujúcich právnych ustanovení, zabezpečujúcich ochranu a pomoc zamestnancom pri starostlivosti o chorých, starých a zdravotne postihnutých členov domácnosti, ako aj o nich samotných. Využívanie ustanovení Zákonníka práce.

Gespeichert in:
Bibliographische Detailangaben
1. Verfasser: Arvayová, Renáta
Format: Buchkapitel
Sprache:Slowakisch
Schlagworte:
Tags: Tag hinzufügen
Keine Tags, Fügen Sie das erste Tag hinzu!

MARC

LEADER 00000naa a2200000 4500
001 r040928
005 20230807084924.4
041 0 |a slo 
044 |a SK 
245 1 0 |a Pomoc podnikov pri starostlivosti o starých, chorých a zdravotne postihnutých členov rodín  |c Renáta Arvayová 
520 |a Praktické využívanie existujúcich právnych ustanovení, zabezpečujúcich ochranu a pomoc zamestnancom pri starostlivosti o chorých, starých a zdravotne postihnutých členov domácnosti, ako aj o nich samotných. Využívanie ustanovení Zákonníka práce. 
610 2 0 |a starostlivosť o prestárlych 
610 2 0 |a osoby so zníženou pracovnou schopnosťou 
610 2 0 |a zamestnávatelia 
610 2 0 |a zamestnanci 
610 2 0 |a podnik 
610 2 0 |a zákonník práce 
610 2 0 |a Slovensko 
610 2 0 |a zákony 
100 1 |a Arvayová, Renáta